<?xml version="1.0" encoding="UTF-8"?>
<record
    xmlns:xsi="http://www.w3.org/2001/XMLSchema-instance"
    xsi:schemaLocation="http://www.loc.gov/MARC21/slim http://www.loc.gov/standards/marcxml/schema/MARC21slim.xsd"
    xmlns="http://www.loc.gov/MARC21/slim">

  <leader>01040nam a2200241Ia 4500</leader>
  <controlfield tag="003">Ost</controlfield>
  <controlfield tag="005">20260507075010.0</controlfield>
  <controlfield tag="008">260507s9999||||xx |||||||||||||| ||und||</controlfield>
  <datafield tag="040" ind1=" " ind2=" ">
    <subfield code="c">fsecg</subfield>
  </datafield>
  <datafield tag="041" ind1=" " ind2=" ">
    <subfield code="a">ara</subfield>
  </datafield>
  <datafield tag="082" ind1=" " ind2=" ">
    <subfield code="a">339</subfield>
  </datafield>
  <datafield tag="100" ind1=" " ind2=" ">
    <subfield code="a">&#x637;&#x627;&#x642;&#x629;&#x60C; &#x645;&#x62D;&#x645;&#x62F;</subfield>
    <subfield code="e">&#x645;&#x624;&#x644;&#x641;</subfield>
  </datafield>
  <datafield tag="245" ind1=" " ind2="0">
    <subfield code="a">&#x623;&#x633;&#x627;&#x633;&#x64A;&#x627;&#x62A; &#x639;&#x644;&#x645; &#x627;&#x644;&#x627;&#x642;&#x62A;&#x635;&#x627;&#x62F; &#x627;&#x644;&#x62C;&#x632;&#x626;&#x64A; &#x648;&#x627;&#x644;&#x643;&#x644;&#x64A; /</subfield>
    <subfield code="c"> &#x645;&#x62D;&#x645;&#x62F; &#x637;&#x627;&#x642;&#x629;</subfield>
  </datafield>
  <datafield tag="260" ind1=" " ind2=" ">
    <subfield code="a">&#x639;&#x645;&#x627;&#x646;: </subfield>
    <subfield code="b">&#x627;&#x62B;&#x631;&#x627;&#x621; &#x644;&#x644;&#x646;&#x634;&#x631;, </subfield>
    <subfield code="c">2008</subfield>
  </datafield>
  <datafield tag="300" ind1=" " ind2=" ">
    <subfield code="a">408  &#x635;&#x641;&#x62D;&#x629;&#x61B; </subfield>
    <subfield code="b">&#x625;&#x64A;&#x636;&#x627;&#x62D;&#x627;&#x62A; &#x61B;</subfield>
    <subfield code="c">24 &#x633;&#x645;</subfield>
  </datafield>
  <datafield tag="504" ind1=" " ind2=" ">
    <subfield code="a">&#x628;&#x64A;&#x628;&#x644;&#x64A;&#x648;&#x63A;&#x631;&#x627;&#x641;&#x64A;&#x627;: &#x635;. 407</subfield>
  </datafield>
  <datafield tag="520" ind1=" " ind2=" ">
    <subfield code="a">&#x64A;&#x648;&#x62C;&#x62F; &#x641;&#x64A; &#x647;&#x630; &#x627;&#x644;&#x643;&#x62A;&#x627;&#x628;    &#x623;&#x633;&#x627;&#x633;&#x64A;&#x627;&#x62A; &#x639;&#x644;&#x645; &#x627;&#x644;&#x625;&#x642;&#x62A;&#x635;&#x627;&#x62F; &#x627;&#x644;&#x62C;&#x632;&#x626;&#x64A; &#x648;&#x627;&#x644;&#x643;&#x644;&#x64A;&#x60C; &#x646;&#x638;&#x631;&#x64A;&#x629; &#x627;&#x644;&#x637;&#x644;&#x628; &#x648;&#x627;&#x644;&#x639;&#x631;&#x636;&#x60C; &#x633;&#x644;&#x648;&#x643; &#x627;&#x644;&#x645;&#x633;&#x62A;&#x647;&#x644;&#x643; &#x648;&#x627;&#x644;&#x627;&#x646;&#x62A;&#x627;&#x62C;&#x60C; &#x627;&#x644;&#x627;&#x633;&#x648;&#x627;&#x642; &#x648;&#x627;&#x627;&#x644;&#x62F;&#x62E;&#x644; &#x627;&#x644;&#x642;&#x648;&#x645;&#x64A;&#x60C; &#x627;&#x644;&#x62A;&#x636;&#x62E;&#x645; &#x648; &#x627;&#x644;&#x628;&#x637;&#x627;&#x644;&#x629;&#x60C; &#x627;&#x644;&#x646;&#x642;&#x648;&#x62F; &#x648;&#x627;&#x644;&#x628;&#x648;&#x643;</subfield>
  </datafield>
  <datafield tag="653" ind1=" " ind2=" ">
    <subfield code="a">&#x627;&#x644;&#x625;&#x642;&#x62A;&#x635;&#x627;&#x62F; &#x627;&#x644;&#x62C;&#x632;&#x626;&#x64A;</subfield>
  </datafield>
  <datafield tag="653" ind1=" " ind2=" ">
    <subfield code="a">&#x627;&#x644;&#x625;&#x642;&#x62A;&#x635;&#x627;&#x62F; &#x627;&#x644;&#x643;&#x644;&#x64A;</subfield>
  </datafield>
  <datafield tag="653" ind1=" " ind2=" ">
    <subfield code="a">&#x627;&#x644;&#x627;&#x646;&#x62A;&#x627;&#x62C;</subfield>
  </datafield>
  <datafield tag="700" ind1=" " ind2=" ">
    <subfield code="a">&#x627;&#x644;&#x632;&#x64A;&#x60C; &#x645;&#x62D;&#x645;&#x62F;</subfield>
    <subfield code="e">&#x645;&#x624;&#x644;&#x641; &#x62B;&#x627;&#x646;&#x648;&#x64A;</subfield>
  </datafield>
  <datafield tag="942" ind1=" " ind2=" ">
    <subfield code="c">&#x643;&#x62A;&#x627;&#x628;</subfield>
  </datafield>
  <datafield tag="952" ind1=" " ind2=" ">
    <subfield code="0">0</subfield>
    <subfield code="1">0</subfield>
    <subfield code="2">ddc</subfield>
    <subfield code="4">0</subfield>
    <subfield code="7">-1</subfield>
    <subfield code="a">fsecg</subfield>
    <subfield code="b">fsecg</subfield>
    <subfield code="d">2026-05-07</subfield>
    <subfield code="h">&#x627;&#x644;&#x637;&#x627;&#x628;&#x642; &#x627;&#x644;&#x623;&#x631;&#x636;&#x64A;</subfield>
    <subfield code="i">2761</subfield>
    <subfield code="l">0</subfield>
    <subfield code="o">&#x623;/2686&#x646;1</subfield>
    <subfield code="p">2761</subfield>
    <subfield code="r">2026-05-07 07:50:11</subfield>
    <subfield code="w">2026-05-07</subfield>
    <subfield code="y">&#x643;&#x62A;&#x627;&#x628;</subfield>
  </datafield>
  <datafield tag="952" ind1=" " ind2=" ">
    <subfield code="0">0</subfield>
    <subfield code="1">0</subfield>
    <subfield code="2">ddc</subfield>
    <subfield code="4">0</subfield>
    <subfield code="7">0</subfield>
    <subfield code="a">fsecg</subfield>
    <subfield code="b">fsecg</subfield>
    <subfield code="d">2026-05-07</subfield>
    <subfield code="h">&#x627;&#x644;&#x637;&#x627;&#x628;&#x642; &#x627;&#x644;&#x623;&#x631;&#x636;&#x64A;</subfield>
    <subfield code="i">2762</subfield>
    <subfield code="l">0</subfield>
    <subfield code="o">&#x623;/2686&#x646;2</subfield>
    <subfield code="p">2762</subfield>
    <subfield code="r">2026-05-07 07:50:11</subfield>
    <subfield code="w">2026-05-07</subfield>
    <subfield code="y">&#x643;&#x62A;&#x627;&#x628;</subfield>
  </datafield>
  <datafield tag="952" ind1=" " ind2=" ">
    <subfield code="0">0</subfield>
    <subfield code="1">0</subfield>
    <subfield code="2">ddc</subfield>
    <subfield code="4">0</subfield>
    <subfield code="7">0</subfield>
    <subfield code="a">fsecg</subfield>
    <subfield code="b">fsecg</subfield>
    <subfield code="d">2026-05-07</subfield>
    <subfield code="h">&#x627;&#x644;&#x637;&#x627;&#x628;&#x642; &#x627;&#x644;&#x623;&#x631;&#x636;&#x64A;</subfield>
    <subfield code="i">2763</subfield>
    <subfield code="l">0</subfield>
    <subfield code="o">&#x623;/2686&#x646;3</subfield>
    <subfield code="p">2763</subfield>
    <subfield code="r">2026-05-07 07:50:11</subfield>
    <subfield code="w">2026-05-07</subfield>
    <subfield code="y">&#x643;&#x62A;&#x627;&#x628;</subfield>
  </datafield>
  <datafield tag="952" ind1=" " ind2=" ">
    <subfield code="0">0</subfield>
    <subfield code="1">0</subfield>
    <subfield code="2">ddc</subfield>
    <subfield code="4">0</subfield>
    <subfield code="7">0</subfield>
    <subfield code="a">fsecg</subfield>
    <subfield code="b">fsecg</subfield>
    <subfield code="d">2026-05-07</subfield>
    <subfield code="h">&#x627;&#x644;&#x637;&#x627;&#x628;&#x642; &#x627;&#x644;&#x623;&#x631;&#x636;&#x64A;</subfield>
    <subfield code="i">2764</subfield>
    <subfield code="l">0</subfield>
    <subfield code="o">&#x623;/2686&#x646;4</subfield>
    <subfield code="p">2764</subfield>
    <subfield code="r">2026-05-07 07:50:11</subfield>
    <subfield code="w">2026-05-07</subfield>
    <subfield code="y">&#x643;&#x62A;&#x627;&#x628;</subfield>
  </datafield>
  <datafield tag="952" ind1=" " ind2=" ">
    <subfield code="0">0</subfield>
    <subfield code="1">0</subfield>
    <subfield code="2">ddc</subfield>
    <subfield code="4">0</subfield>
    <subfield code="7">0</subfield>
    <subfield code="a">fsecg</subfield>
    <subfield code="b">fsecg</subfield>
    <subfield code="d">2026-05-07</subfield>
    <subfield code="h">&#x627;&#x644;&#x637;&#x627;&#x628;&#x642; &#x627;&#x644;&#x62B;&#x627;&#x646;&#x64A;</subfield>
    <subfield code="i">2765</subfield>
    <subfield code="l">0</subfield>
    <subfield code="o">&#x623;/2686&#x646;5</subfield>
    <subfield code="p">2765</subfield>
    <subfield code="r">2026-05-07 07:50:11</subfield>
    <subfield code="w">2026-05-07</subfield>
    <subfield code="y">&#x643;&#x62A;&#x627;&#x628;</subfield>
  </datafield>
  <datafield tag="952" ind1=" " ind2=" ">
    <subfield code="0">0</subfield>
    <subfield code="1">0</subfield>
    <subfield code="2">ddc</subfield>
    <subfield code="4">0</subfield>
    <subfield code="7">0</subfield>
    <subfield code="a">fsecg</subfield>
    <subfield code="b">fsecg</subfield>
    <subfield code="d">2026-05-07</subfield>
    <subfield code="h">&#x627;&#x644;&#x637;&#x627;&#x628;&#x642; &#x627;&#x644;&#x62B;&#x627;&#x646;&#x64A;</subfield>
    <subfield code="i">2766</subfield>
    <subfield code="l">0</subfield>
    <subfield code="o">&#x623;/2686&#x646;6</subfield>
    <subfield code="p">2766</subfield>
    <subfield code="r">2026-05-07 07:50:11</subfield>
    <subfield code="w">2026-05-07</subfield>
    <subfield code="y">&#x643;&#x62A;&#x627;&#x628;</subfield>
  </datafield>
  <datafield tag="952" ind1=" " ind2=" ">
    <subfield code="0">0</subfield>
    <subfield code="1">0</subfield>
    <subfield code="2">ddc</subfield>
    <subfield code="4">0</subfield>
    <subfield code="7">0</subfield>
    <subfield code="a">fsecg</subfield>
    <subfield code="b">fsecg</subfield>
    <subfield code="d">2026-05-07</subfield>
    <subfield code="h">&#x645;&#x643;&#x62A;&#x628;&#x629; &#x628;&#x646; &#x639;&#x643;&#x646;&#x648;&#x646;</subfield>
    <subfield code="i">2767</subfield>
    <subfield code="l">0</subfield>
    <subfield code="o">&#x623;/2686&#x646;7</subfield>
    <subfield code="p">2767</subfield>
    <subfield code="r">2026-05-07 07:50:11</subfield>
    <subfield code="w">2026-05-07</subfield>
    <subfield code="y">&#x643;&#x62A;&#x627;&#x628;</subfield>
  </datafield>
  <datafield tag="952" ind1=" " ind2=" ">
    <subfield code="0">0</subfield>
    <subfield code="1">0</subfield>
    <subfield code="2">ddc</subfield>
    <subfield code="4">0</subfield>
    <subfield code="7">0</subfield>
    <subfield code="a">fsecg</subfield>
    <subfield code="b">fsecg</subfield>
    <subfield code="d">2026-05-07</subfield>
    <subfield code="h">&#x645;&#x643;&#x62A;&#x628;&#x629; &#x628;&#x646; &#x639;&#x643;&#x646;&#x648;&#x646;</subfield>
    <subfield code="i">2768</subfield>
    <subfield code="l">0</subfield>
    <subfield code="o">&#x623;/2686&#x646;8</subfield>
    <subfield code="p">2768</subfield>
    <subfield code="r">2026-05-07 07:50:11</subfield>
    <subfield code="w">2026-05-07</subfield>
    <subfield code="y">&#x643;&#x62A;&#x627;&#x628;</subfield>
  </datafield>
  <datafield tag="999" ind1=" " ind2=" ">
    <subfield code="c">42154</subfield>
    <subfield code="d">42154</subfield>
  </datafield>
</record>
